Statistiken für Allgemeinwissen leicht #1

Klicken Sie hier um das Quiz zu spielen!

Allgemein

  • Dieses Quiz wurde 1.605 mal gespielt
  • Das Durchschnittsergebnis liegt bei 19 aus 20

Antwortstatistiken

HintAntwort% Korrekt
Hauptstadt von DeutschlandBerlin
100%
Größtes Land der WeltRussland
100%
Wie viele Buchstaben hat das Alphabet?26
99%
Wie viele Tage hat der Monat Dezember?31
99%
Wie viele Beine hat eine Spinne?8
99%
Auf welchem Gegenstand fliegen Hexen?Besen
99%
Was legem Hühner?Eier
99%
Welches Tier Miaut?Katze
99%
Christlicher GotteshausKirche
99%
Hauptstadt von ÖsterreichWien
99%
Wie viele Bundesländer hat Deutschland?16
98%
Wurzel von 819
98%
Hauptstadt von SpanienMadrid
98%
Hauptstadt von RusslandMoskau
98%
Symbol von SauerstoffO
97%
Symbol von KohlenstoffC
95%
Wie nennt man einen muslimischen Gotteshaus?Moschee
94%
Was ist das Symbol von Magnesium?Mg
93%
Höchster Berg DeutschlandsZugspitze
93%
Womit beschäftig sich die Botanik?Pflanzen
92%

Verteilung der Resultate

Perzentil nach korrekt beantworteten Fragen

Anzahl Personen mit jedem Resultat

Ihre Resultats-Entwicklung

Sie haben dieses Quiz noch nicht gespielt